|
|
|
|
| LEADER |
00000cam a2200000 a 4500 |
| 001 |
vtls001482377 |
| 003 |
SK-MaSNL |
| 005 |
20260302073649.0 |
| 008 |
240226s2004 xo a drnp 000 1 hun |
| 015 |
|
|
|a SNBA2004/10-05989
|
| 020 |
|
|
|a 8010003220
|
| 035 |
|
|
|a SNK000437674
|
| 035 |
|
|
|a urn:nbn:sk:snk-am3j39h
|
| 035 |
|
|
|a 8BC766FE-1A16-44B9-AC7A-A80DFE7FF168
|
| 035 |
|
|
|a urn:nbn:sk:snk-am00gl6z
|
| 040 |
|
|
|a SNK
|b slo
|c SNK
|e AACR2
|
| 041 |
0 |
|
|a hun
|
| 044 |
|
|
|a xo
|c SK
|
| 072 |
|
7 |
|a 82
|x Literatúra. Literárny život
|2 konspekt
|
| 080 |
|
|
|a 821 (100)(075.3)=511.141
|2 1997
|
| 080 |
|
|
|a 821(100)
|2 2011
|
| 080 |
|
|
|a 37.016:82
|2 2011
|
| 080 |
|
|
|a (075.3)
|2 2011
|
| 100 |
1 |
|
|a Gubíkné Harmati, Mária
|4 aut
|9 305159
|
| 245 |
1 |
0 |
|a Irodalom a középiskolák 4. osztálya számára
|c Gubíkné Harmati Mária
|n 1. rész
|
| 246 |
1 |
1 |
|a Literatúra pre 4. ročník stredných škôl s vyučovacím jazykom maďarským
|
| 250 |
|
|
|a 1. kiad.
|
| 260 |
|
|
|a Bratislava
|b Slovenské pedagogické nakladateľstvo
|c 2004
|
| 300 |
|
|
|a 354 strán, 8 nečíslovaných strán obrazových príloh
|b farebné fotografie
|c 21 cm
|
| 504 |
|
|
|a Bibliografia na strane 353-354 ; zoznam
|
| 650 |
0 |
7 |
|a svetová literatúra
|2 SNKPH
|9 1433
|
| 650 |
0 |
7 |
|a literárna výchova
|2 SNKPH
|9 1653
|
| 655 |
|
7 |
|a učebnice stredných škôl
|2 SNKPH
|9 69323
|
| 919 |
|
|
|a 80-10-00322-0
|
| 958 |
|
|
|a LX
|
| 958 |
|
|
|a OND
|
| 999 |
|
|
|c 1161868
|d 1163798
|
| 952 |
|
|
|t P60, <03>, [BOOK], {603}
|a SNK
|b SNK
|y PREZ
|7 0
|p 17A0444459
|o snkSC 117447/1
|i snkKSP 12558/2004
|0 0
|1 0
|4 0
|d 2004-09-24
|f 1
|l 0
|r 2025-10-16 00:00:00
|w 2026-02-24
|
| 952 |
|
|
|t P60, <04>, [BOOK], {604}
|a SNK
|b SNK
|y VYP
|7 0
|p 17A0444460
|o snkSC 117447/1 D1
|i snkKSP 12559/2004
|0 0
|1 0
|4 0
|d 2004-09-24
|l 0
|r 2005-01-02 00:00:00
|w 2026-02-24
|